The Ballad of Songbirds and Snakes Quiz - Statistics

General Stats
  • This quiz has been taken 347 times
  • The average score is 9 of 15
Answer Stats
Hint Answer % Correct
Writer of the Hanging Tree Lucy Gray
96%
President Snow's first name Coriolanus
92%
Coriolanus' cousin Tigris
89%
_______ Plinth Sejanus
88%
Author of the book Suzanne Collins
80%
Who shot Mayfair? Coriolanus Snow
75%
The roots collected when the Covey takes Coriolanus and Sejanus to the lake Katniss
75%
Lucy Gray's little cousin Maude Ivory
72%
The last line of the book Snow lands on top
47%
Who's the one that's supposed to be singing the Hanging Tree Billy Taupe
45%
Which tribute tries to attack Coriolanus in the arena? Bobbin
45%
Where do the Covey live? The Seam
43%
Two of Coriolanus' bunkmates Smiley and Beanpole
34%
A member of the Covey Tam Amber
27%
The head Peacekeeper Commander Hoff
22%
No matching quizzes found
Score Distribution
Percent of People with Each Score
Percentile by Number Answered
Your Score History
You have not taken this quiz